Responses for show #3358 - Wednesday, March 24, 1999

Contestants

[<< previous game]

Susanne Sutton, a housewife from Atlanta, Georgia

Brad Nail, a liability analyst from West Palm Beach, Florida

Robin LeMaster, a graduate student from Laguna Beach, California (whose 1-day cash winnings total $1,300)

[next game >>]

Jeopardy! Round responses

THE OLD WEST
THE 1970 TV SEASON
TOUGH STUFF
INSECTS
NO. 32
CROSSWORD CLUES "G"
    $100 11
Theodore Roosevelt

Brad
    $100 26
(buzzer sounds)

Bewitched

Susanne
    $100 19
Brain/skull

Robin
    $100 15
Junebug

Brad
    $100 6
Earvin "Magic" Johnson

Brad
    $100 1
Grumpy

Susanne
    $200 12
Fight

Susanne
    $200 20
(B: Who is Dasher?)

Blitzen

BradSusanne
    $200 16
Grasshopper

Triple Stumper
    $200 7
32nd Psalm

Brad
    $200 2
Gracias

Susanne
    $300 13
John Stetson

Susanne
    $300 21
(we have a minute to go...)

UFO

Brad
    $300 17
Walking stick

Triple Stumper
    $300 8
the Denver Broncos

Brad
    $300 3
Grapevine

Triple Stumper
    $200 14
(S: I have no idea.)

Thomas Edison

Susanne
    $400 24
(B: What is Saturn?)
(R: What is Jupiter?)
(S: What is Neptune?)

Uranus

RobinBradSusanne
Triple Stumper
    $400 22
Damselfly

Robin
    $400 9
Minnesota

Brad
    $400 4
Gauntlet

Brad
    $500 18
Utah

Susanne
    $500 25
Elephant

Triple Stumper
    $500 23
(R: What is a lion butterfly?)

Tiger butterfly

RobinSusanne
    $500 10
(B: What is "Ryan's Daughter?")
(S: What is "The Ten Commandments?")

Ben-Hur

BradSusanne
Triple Stumper
    $500 5
Gouda

Brad

Scores at the first commercial break (after clue 14):

Robin Brad Susanne
$0 $1,500 $100

Scores at the end of the Jeopardy! Round:

Robin Brad Susanne
-$400 $1,300 $1,000

Double Jeopardy! Round responses

EXPLORERS
STOCK SYMBOLS
IN THE GOOD OLD SUMER TIME
BRITISH BANDS & SINGERS
THEY REST IN NEBRASKA
"AD"JECTIVES
    $200 6
Lewis & Clark

Brad
    $200 7
Goodrich

Susanne
    $200 17
The flood

Susanne
    $200 12
Genesis

Brad
    $200 25
Baseball

Brad
    $200 1
Adolescent

Brad
    $400 21
Nile

Brad
    $400 8
(B: What is Kodak?)

Polaroid

RobinBrad
    $400 18
Code of law

Susanne
    $400 13
Pink Floyd

Brad
    $400 26
Father Flanagan

Brad
    $400 2
Adipose

Susanne
    $600 22
"The Rime of the Ancient Mariner"

Brad
    $600 9
(S: What is Game Boy?)
(B: What is Playboy?)
(Alex: We wanted the 3 letters, not the full name.)

PLA

BradSusanne
Triple Stumper
    $600 19
Cuneiform

Susanne
    $600 14
Culture Club

Robin
    $600 27
Gordon MacRae

Triple Stumper
    $600 3
Adequate

Susanne
    $800 23
(B: Uh...sorry.)
(Alex: You rang in a little too soon...we have less than a minute to go, Brad.)

Tenzing Norgay

Brad
Triple Stumper
    $800 10
The Gap

Brad
    $800 20
(S: What are zagarets?)

Ziggurats

BradSusanne
    $800 15
Eric Clapton

Brad
    $800 28
(buzzer sounds)
(Alex: Robin, didn't work out today; you weren't on your game but that's OK; you'll wind up with the third-place prize, you were a good champ.)

Tennessee Valley Authority

Brad
    $800 4
Adverse

Susanne
    $500 24
(B: What is Nairobi?)

Timbuktu

Brad
    $1000 11
(R: What is Citibank?)

Chase Manhattan Bank

RobinBrad
    $1,000 16
(B: Who are Crosby, Stills & Nash?)

The Hollies

Brad
    $1000 5
(B: What is ad hoc?)

Ad hominem

Brad
Triple Stumper

Scores at the end of the Double Jeopardy! Round:

Robin Brad Susanne
-$400 $3,800 $2,800

[wagering suggestions for these scores]

Final Jeopardy! Round responses

WORD ORIGINS
SusanneWhat consultan
$2,799
BradWhat is a jack of all trades?
$1,801
Freelancer

Final scores:

Robin Brad Susanne
-$400 $1,999 $1
3rd place: Tasco Recreational Optics New champion: $1,999 2nd place: Trip to Devon, England

Game dynamics:

Coryat scores:

Robin Brad Susanne
-$400 $5,300 $3,000
4 R,
3 W
22 R,
9 W
(including 2 DDs)
15 R,
5 W
(including 1 DD)

Combined Coryat: $7,900

The J! Archive is created by fans, for fans. The Jeopardy! game show and all elements thereof, including but not limited to copyright and trademark thereto, are the property of Jeopardy Productions, Inc. and are protected under law. This website is not affiliated with, sponsored by, or operated by Jeopardy Productions, Inc. Join the discussion at JBoard.tv.